2nd International Congress on Heat Treatment of Materials of IFHT. Florence, Italy, September 20-24, 1982. 1st National Conference on Metallurgical Coatings of AIV :

Bibliographic Details
Corporate Authors: International Congress on Heat Treatment of Materials of IFHT Florence, Italy, National Conference on Metallurgical Coatings of AIV
Format: Conference Proceeding Book
Language:English
French
German
Italian
Russian
Published: [Milano] : Associazione italiana di metallurgia, [1982?]
Subjects:

MARC

Tag First Indicator Second Indicator Subfields
LEADER 00000cam a2200000 a 4500
001 in00000036098
005 20151007055349.0
008 870825s1982 it a b 10010 eng
010 |a  84239369  
035 |a (OCoLC)16712769 
035 |9 AAB8035AM 
040 |a DLC  |c DLC  |d TXA  |d UtOrBLW 
041 0 |a eng  |a fre  |a ger  |a ita  |a rus 
049 |a TXAM  |c [A11651120] 
050 0 0 |a TN672  |b .I546 1982 
111 2 |a International Congress on Heat Treatment of Materials of IFHT  |n (2nd :  |d 1982 :  |c Florence, Italy) 
245 1 0 |a 2nd International Congress on Heat Treatment of Materials of IFHT.  |p 1st National Conference on Metallurgical Coatings of AIV :  |b Florence, Italy, September 20-24, 1982. 
264 1 |a [Milano] :  |b Associazione italiana di metallurgia,  |c [1982?] 
300 |a 1129 pages :  |b illustrations ;  |c 24 cm. 
336 |a text  |b txt  |2 rdacontent 
337 |a unmediated  |b n  |2 rdamedia 
338 |a volume  |b nc  |2 rdacarrier 
500 |a English, French, German, Italian, and Russian. 
504 |a Includes bibliographies. 
650 0 |a Metals  |x Heat treatment  |v Congresses. 
650 0 |a Metal coating  |x Congresses. 
711 2 |a National Conference on Metallurgical Coatings of AIV  |n (1st :  |d 1982 :  |c Florence, Italy) 
740 0 |a Second International Congress on Heat Treatment of Materials of IFHT. 
740 0 |a 1st National Conference on Metallurgical Coatings of AIV. 
999 |a MARS 
999 f f |s 84ea24e9-cfdf-3f38-8bfc-83a8d2ddc11d  |i 18d37cb8-f53a-3c6b-b4ce-1fffd58041be  |t 0 
952 f f |p normal  |a Texas A&M University  |b College Station  |c Sterling C. Evans Library  |d Evans: Library Stacks  |t 0  |e TA672 .I546 1982  |h Library of Congress classification  |i unmediated -- volume  |m A14811651120 
998 f f |a TA672 .I546 1982  |t 0  |l Evans: Library Stacks